| 000 | 00434nam a2200169Ia 4500 | ||
|---|---|---|---|
| 008 | 230711s9999||||xx |||||||||||||| ||und|| | ||
| 020 | _a978-81-313-1006-9 | ||
| 041 | _aENG | ||
| 082 |
_a677.02832 _bGH-N |
||
| 100 | _aGhosh G K | ||
| 245 | 0 | _aNon Conventional Textile Engineering | |
| 250 | _a1st Ed. | ||
| 260 |
_c2015 _aNew Delhi _bA.P.H.Publishing Corporation |
||
| 300 | _a170p. | ||
| 650 | _aTextile Engineering | ||
| 942 | _cBK | ||
| 999 |
_c6527 _d6527 |
||